| 000 | 00645 a2200193 4500 | ||
|---|---|---|---|
| 001 | 61967 | ||
| 005 | 20260407155912.0 | ||
| 008 | 260407a1964 arg spa d | ||
| 003 | AR-UNSa-BCEJYS | ||
| 040 |
_aAR-UNSa-BCEJYS _bspa _cAR-UNSa-BCEJYS |
||
| 080 |
_a347.471 _xOrganizaciones civiles, privadas. Sociedades. Asociaciones. Compañías (sin fines de lucro) |
||
| 245 | 1 | 0 |
_aTratado teórico práctico de las asociaciones _pDoctrina. Legislación. Jurisprudencia |
| 264 | 1 |
_aBuenos Aires : _bEDIAR _c1964 |
|
| 300 |
_a756 p. _c23 cm. |
||
| 041 | _aspa | ||
| 942 | _cBK | ||
| 590 | _aniveau_biblio:m niveau_hierar:0 | ||
| 100 | 1 | _aPaez, Juan L. | |
| 999 |
_c7507 _d7507 |
||